Nimeä Iittalan tuotesarja - Statistics

Yleistilastot
  • Tätä visaa on pelattu 62 kertaa
  • Keskiarvotulos 8 / 20
Vastaustilastot
Kuvavisa Vastaus % Oikein
Aalto
100%
Kastehelmi
93%
Mariskooli
87%
Taika
85%
Teema
81%
Kartio
57%
Kivi
57%
Ultima Thule
56%
Festivo
43%
Aino Aalto
41%
Nappula
28%
Birds
26%
Kantarelli
24%
Flora
9%
Leimu
9%
Artik
7%
Miranda
7%
Lantern
6%
Scandia
6%
Niva
2%
Ehtoja vastaavia visoja ei löytynyt
Tulosjakauma
Jokaisen tuloksen saaneiden osuus
Persentiili vastausten määrän mukaan
Tuloshistoriasi
Et ole pelannut tätä visaa